[Event "IX Floripa Chess Open Fort Atacadista"]
[Site "Florianópolis - Santa Catari"]
[Date "2023.01.24"]
[Round "3.210"]
[White "Arnosti, Marcelo Gusmao"]
[Black "Mariani, Kim Paul"]
[Result "1-0"]
[WhiteElo "1789"]
[BlackElo "1382"]
[PlyCount "27"]
[EventDate "2023.01.23"]
[EventRounds "10"]
[EventCountry "BRA"]

1. d4 Nf6 2. c4 e6 3. Nc3 Bb4 4. a3 Bxc3+ 5. bxc3 O-O 6. Bg5 d5 7. Nf3 c5 8.
Qc2 Nc6 9. e3 Bd7 10. Bd3 h6 11. Bh4 Rc8 12. Qb2 Na5 13. Bxf6 Qxf6 14. cxd5 1-0

[Event "IX Floripa Chess Open Fort Atacadista"]
[Site "Florianópolis - Santa Catari"]
[Date "2023.01.24"]
[Round "3.216"]
[White "Favaretto, Felipe Della Preve"]
[Black "Orlandi Neto, Aristides"]
[Result "1-0"]
[WhiteElo "1207"]
[BlackElo "1684"]
[PlyCount "81"]
[EventDate "2023.01.23"]
[EventRounds "10"]
[EventCountry "BRA"]

1. c4 Nf6 2. Nc3 g6 3. g3 Bg7 4. Bg2 O-O 5. Nf3 d6 6. O-O Nbd7 7. d3 e5 8. Rb1
a5 9. h3 Re8 10. Nd2 Nh5 11. Nde4 f5 12. Bg5 Ndf6 13. Nxf6+ Bxf6 14. Bxf6 Nxf6
15. Qb3 c6 16. Na4 Ra6 17. c5+ d5 18. e4 Kg7 19. Rfd1 fxe4 20. dxe4 d4 21. f4
Qe7 22. fxe5 Qxe5 23. Nb6 Be6 24. Nc4 Bxc4 25. Qxc4 Rd8 26. Rd3 Nxe4 27. Re1
Qxc5 28. Qe6 Ng5 29. Qe7+ Qxe7 30. Rxe7+ Kg8 31. Rxb7 Ne6 32. Re7 Nc5 33. Rd2
a4 34. Kf2 Rd7 35. Rxd7 Nxd7 36. Rc2 c5 37. Bf1 Rb6 38. b3 axb3 39. axb3 Rxb3
40. Bc4+ Kg7 41. Bxb3 1-0

[Event "IX Floripa Chess Open Fort Atacadista"]
[Site "Florianópolis - Santa Catari"]
[Date "2023.01.24"]
[Round "3.217"]
[White "Miranda, Marina Lima"]
[Black "De Fassio, Davi Dos Santos"]
[Result "1-0"]
[WhiteElo "1672"]
[BlackElo "1200"]
[PlyCount "69"]
[EventDate "2023.01.23"]
[EventRounds "10"]
[EventCountry "BRA"]

1. e4 c5 2. Nf3 d6 3. d4 cxd4 4. Nxd4 Nf6 5. Nc3 a6 6. Be2 e5 7. Nb3 Be7 8. Be3
O-O 9. a4 Nc6 10. O-O Be6 11. Qd2 Ng4 12. Bxg4 Bxg4 13. Nd5 Be6 14. Nxe7+ Qxe7
15. Rfd1 Rad8 16. a5 Bxb3 17. cxb3 Kh8 18. b4 h6 19. Ra3 d5 20. exd5 Qh4 21.
Bc5 Rfe8 22. Rh3 Qg4 23. Rg3 Qf4 24. Qxf4 exf4 25. Rgd3 Ne5 26. Rd4 Nd7 27. h3
g5 28. d6 Re2 29. R4d2 Rde8 30. Rxe2 Rxe2 31. Kf1 Rc2 32. Re1 Nf6 33. Bd4 Rd2
34. Bxf6+ Kh7 35. Be7 1-0

[Event "IX Floripa Chess Open Fort Atacadista"]
[Site "Florianópolis - Santa Catari"]
[Date "2023.01.24"]
[Round "3.218"]
[White "Gomes, Maria Eduarda Papin"]
[Black "De Bortolo, Artur Mattos"]
[Result "1-0"]
[WhiteElo "1664"]
[BlackElo "1181"]
[PlyCount "59"]
[EventDate "2023.01.23"]
[EventRounds "10"]
[EventCountry "BRA"]

1. d4 Nf6 2. c4 g6 3. Nc3 Bg7 4. e4 d6 5. Nf3 O-O 6. Be2 e5 7. O-O Nc6 8. d5
Ne7 9. b4 a5 10. Ba3 axb4 11. Bxb4 Ne8 12. a4 h6 13. Nd2 f5 14. Qb3 Nf6 15. c5
f4 16. cxd6 cxd6 17. Nc4 Ne8 18. Nb5 Rf6 19. a5 g5 20. Nb6 Rb8 21. Nxc8 Rxc8
22. Bg4 Ra8 23. Na3 Nc8 24. Nc4 h5 25. Bxh5 Rh6 26. Bg4 Rh4 27. Be6+ Kh8 28. f3
Qf6 29. Be1 Rh5 30. Qxb7 1-0

[Event "IX Floripa Chess Open Fort Atacadista"]
[Site "Florianópolis - Santa Catari"]
[Date "2023.01.24"]
[Round "3.219"]
[White "Vaz, Osvaldo Jose"]
[Black "Ramos, Rafael Cabreira"]
[Result "1-0"]
[WhiteElo "1660"]
[BlackElo "1161"]
[PlyCount "99"]
[EventDate "2023.01.23"]
[EventRounds "10"]
[EventCountry "BRA"]

1. e4 e5 2. Bc4 Nf6 3. d3 Bc5 4. Nc3 d6 5. Na4 Bb6 6. Nxb6 axb6 7. Ne2 Be6 8.
Bxe6 fxe6 9. O-O Nc6 10. Bg5 O-O 11. f4 exf4 12. Nxf4 Qe8 13. c3 h6 14. Bxf6
Rxf6 15. Qb3 Kh8 16. a3 Qe7 17. Nh5 Rxf1+ 18. Rxf1 Qg5 19. Qd1 Qe3+ 20. Kh1 Ne5
21. d4 Nd3 22. Qf3 Qxf3 23. Rxf3 Nxb2 24. Rf7 Rxa3 25. h3 Rxc3 26. Rxg7 Nd1 27.
Rg6 Nf2+ 28. Kh2 Nxe4 29. Rxe6 Re3 30. Re8+ Kh7 31. Rxe4 Rxe4 32. Nf6+ Kg6 33.
Nxe4 b5 34. Kg3 b4 35. Nd2 c5 36. Kf4 Kf6 37. Ke4 Ke6 38. d5+ Kf6 39. Nc4 Ke7
40. Nb6 b3 41. Kd3 Kd8 42. Kc3 Kc7 43. Na4 b5 44. Nb2 c4 45. g4 Kd7 46. Nd1 Ke7
47. Kb4 Kf6 48. Kxb5 b2 49. Nxb2 c3 50. Nd3 1-0

[Event "IX Floripa Chess Open Fort Atacadista"]
[Site "Florianópolis - Santa Catari"]
[Date "2023.01.24"]
[Round "3.220"]
[White "Poli, Maria Luiza De Oliv"]
[Black "Ramazzotte, Alexandre Franco"]
[Result "0-1"]
[WhiteElo "1156"]
[BlackElo "1649"]
[PlyCount "83"]
[EventDate "2023.01.23"]
[EventRounds "10"]
[EventCountry "BRA"]

1. e4 e6 2. Nc3 d5 3. exd5 exd5 4. d4 Nf6 5. Bd3 Bd6 6. Bg5 c6 7. Nf3 Bg4 8.
Qe2+ Qe7 9. Qxe7+ Bxe7 10. O-O-O O-O 11. h3 Bxf3 12. gxf3 Nbd7 13. Rde1 Rfe8
14. Bf4 Bb4 15. Bd2 Bd6 16. Rhg1 Rxe1+ 17. Rxe1 Re8 18. Rxe8+ Nxe8 19. Ne2 g6
20. c4 dxc4 21. Bxc4 Nb6 22. Bb3 Nf6 23. Ng3 Nfd5 24. Ne4 Be7 25. Bxd5 Nxd5 26.
Nc3 Nb4 27. Kd1 Nd3 28. Kc2 Nxf2 29. d5 Nxh3 30. dxc6 bxc6 31. Be3 Ng5 32. f4
Ne6 33. Ne2 Bc5 34. Bd2 Nd4+ 35. Nxd4 Bxd4 36. b3 h5 37. Kd3 Bb2 38. Be1 f5 39.
a4 Kf7 40. Bf2 a6 41. Kc4 Ba3 42. Bg3 0-1

[Event "IX Floripa Chess Open Fort Atacadista"]
[Site "Florianópolis - Santa Catari"]
[Date "2023.01.24"]
[Round "3.221"]
[White "Stival Da Silva, Javier Rodrigo"]
[Black "Da Silva, Miguel Michels"]
[Result "0-1"]
[WhiteElo "1640"]
[BlackElo "1156"]
[PlyCount "74"]
[EventDate "2023.01.23"]
[EventRounds "10"]
[EventCountry "BRA"]

1. e4 e5 2. Nf3 Nc6 3. Bc4 Bc5 4. c3 Nf6 5. d3 d6 6. h3 Be6 7. Nbd2 Bxc4 8.
Nxc4 h6 9. a4 a6 10. Be3 Ba7 11. Qc2 O-O 12. O-O Re8 13. Bxa7 Rxa7 14. Rfe1 Ra8
15. Rad1 b5 16. Ne3 Qd7 17. Nf1 b4 18. d4 Rab8 19. Ng3 a5 20. d5 Ne7 21. c4 b3
22. Qc3 Rb4 23. c5 Qxa4 24. Ra1 Qb5 25. cxd6 cxd6 26. Qc7 Qb6 27. Qxb6 Rxb6 28.
Rxa5 Rc8 29. Raa1 Rc2 30. Rab1 Ng6 31. Re3 Nd7 32. Ne1 Rc8 33. Rc3 Rxc3 34.
bxc3 Nc5 35. f3 Nf4 36. Kf2 Na4 37. c4 Nc3 0-1

[Event "IX Floripa Chess Open Fort Atacadista"]
[Site "Florianópolis - Santa Catari"]
[Date "2023.01.24"]
[Round "3.223"]
[White "Cunha, Angelo"]
[Black "Altenhofen, Guilherme Graneto"]
[Result "1-0"]
[WhiteElo "1606"]
[BlackElo "1146"]
[PlyCount "85"]
[EventDate "2023.01.23"]
[EventRounds "10"]
[EventCountry "BRA"]

1. e4 c5 2. Nf3 e6 3. d4 cxd4 4. Nxd4 Nf6 5. Nc3 Nc6 6. Be3 Bb4 7. f3 Bxc3+ 8.
bxc3 Qc7 9. Nb5 Qa5 10. Nd6+ Ke7 11. Qd2 Qe5 12. Bf4 Qc5 13. Nb5 d5 14. Bd6+
Qxd6 15. Nxd6 Kxd6 16. c4 Rd8 17. cxd5 exd5 18. Bb5 Ke7 19. Bxc6 bxc6 20. e5
Nd7 21. O-O Kf8 22. Rfe1 Re8 23. Qf4 Kg8 24. Rab1 Nb6 25. a4 Be6 26. Qb4 Nc4
27. Qc5 Bd7 28. Rb7 Red8 29. Reb1 a5 30. Qe7 Be6 31. Qg5 Re8 32. f4 h6 33. Qh4
Ne3 34. Qf2 Nf5 35. g4 Ne7 36. f5 Bc8 37. Rc7 Ba6 38. Qc5 Nc8 39. Qxc6 Ne7 40.
Rxe7 Rxe7 41. Qxa8+ Kh7 42. Qxa6 Rxe5 43. Kf2 1-0

[Event "IX Floripa Chess Open Fort Atacadista"]
[Site "Florianópolis - Santa Catari"]
[Date "2023.01.24"]
[Round "3.224"]
[White "Ramos, Fernanda Cabreira"]
[Black "Butzke, Lucas De Castro"]
[Result "0-1"]
[WhiteElo "1136"]
[BlackElo "1564"]
[PlyCount "130"]
[EventDate "2023.01.23"]
[EventRounds "10"]
[EventCountry "BRA"]

1. Nf3 Nf6 2. g3 g6 3. Bg2 Bg7 4. O-O O-O 5. d4 c5 6. e3 d5 7. b3 Nc6 8. Bb2 b6
9. Nbd2 Bb7 10. c4 cxd4 11. Nxd4 Nxd4 12. Bxd4 Qd7 13. cxd5 Bxd5 14. Nf3 Qb7
15. Rc1 Rac8 16. Qe2 Ne4 17. Bxg7 Kxg7 18. Qb2+ f6 19. Rfd1 Rfd8 20. Rxc8 Rxc8
21. Ng5 Nxg5 22. Rxd5 Qc7 23. Rd1 Nf7 24. Bh3 Qc2 25. Qxc2 Rxc2 26. Rd7 Rxa2
27. Rxe7 f5 28. Bf1 Kf6 29. Rc7 Ne5 30. h3 h5 31. Bc4 Nxc4 32. bxc4 g5 33. Rh7
Ra4 34. Rc7 Ke6 35. g4 hxg4 36. hxg4 fxg4 37. Kg2 Kd6 38. Rc8 Kd7 39. Ra8 a5
40. Ra7+ Kc6 41. Ra8 Rxc4 42. f3 gxf3+ 43. Kxf3 Kb5 44. Rg8 Rc5 45. e4 a4 46.
Rh8 a3 47. Rh1 Ka4 48. Re1 Re5 49. Rd1 b5 50. Rd4+ b4 51. Rd2 b3 52. Rd4+ Kb5
53. Rd3 Kc4 54. Rd1 b2 55. Ke3 a2 56. Rd4+ Kc3 57. Rd1 Rxe4+ 58. Kxe4 b1=Q+ 59.
Rxb1 axb1=Q+ 60. Kf3 Kd4 61. Kg4 Qe4+ 62. Kxg5 Ke5 63. Kh6 Qg4 64. Kh7 Kf6 65.
Kh8 Qg7# 0-1

[Event "IX Floripa Chess Open Fort Atacadista"]
[Site "Florianópolis - Santa Catari"]
[Date "2023.01.24"]
[Round "3.225"]
[White "Coutinho, Lucas Buss Soares"]
[Black "Usui, Gabriella Yumi"]
[Result "0-1"]
[WhiteElo "1099"]
[BlackElo "1550"]
[PlyCount "62"]
[EventDate "2023.01.23"]
[EventRounds "10"]
[EventCountry "BRA"]

1. e4 c5 2. Nf3 Nc6 3. Bb5 e6 4. a4 Nge7 5. d4 cxd4 6. Nxd4 a6 7. Nxc6 Nxc6 8.
Be2 Qa5+ 9. Bd2 Qe5 10. Nc3 Bc5 11. O-O O-O 12. Bf3 b6 13. g3 Bb7 14. Bf4 Qd4
15. Qe2 Qb4 16. Qd3 Qd4 17. Qe2 Qf6 18. e5 Qe7 19. Qd3 Nb4 20. Qe2 Bxf3 21.
Qxf3 Nxc2 22. Rad1 Nb4 23. Rd2 f6 24. exf6 gxf6 25. Rfd1 d5 26. Re1 Qf7 27.
Qg4+ Kh8 28. Qxe6 Rae8 29. Rde2 Rxe6 30. Rxe6 d4 31. Nd1 Nd3 0-1

[Event "IX Floripa Chess Open Fort Atacadista"]
[Site "Florianópolis - Santa Catari"]
[Date "2023.01.24"]
[Round "3.226"]
[White "Malanowski, Lara Carolina"]
[Black "Dos Santos, Gabriel Conte"]
[Result "1-0"]
[WhiteElo "1544"]
[BlackElo "1136"]
[PlyCount "95"]
[EventDate "2023.01.23"]
[EventRounds "10"]
[EventCountry "BRA"]

1. d4 d5 2. Nc3 Nf6 3. Bg5 Nbd7 4. f3 e6 5. e4 Be7 6. a3 O-O 7. Qd2 b6 8. Nh3
Bb7 9. Nf2 h6 10. Bh4 e5 11. O-O-O c5 12. dxe5 Nxe5 13. exd5 Nxd5 14. Bxe7 Nxe7
15. Qf4 Qc7 16. Ng4 Nd3+ 17. Bxd3 Qxf4+ 18. Kb1 Rad8 19. b3 Nf5 20. Ne2 Qg5 21.
Rde1 Ne3 22. h4 Qe7 23. Nf4 Qd6 24. Rxe3 Qxf4 25. Rhe1 Bc6 26. Rg1 Rfe8 27. g3
Qd4 28. c3 Qxc3 29. Bh7+ Kxh7 30. Rxc3 Bxf3 31. Rxf3 h5 32. Nf2 Re2 33. Rxf7
Rdd2 34. Nd1 Kg6 35. Rxa7 Rd3 36. g4 Rxb3+ 37. Ka1 c4 38. gxh5+ Kxh5 39. Raxg7
Rxa3+ 40. Kb1 Re6 41. Rg8 c3 42. R1g5+ Kxh4 43. Rg1 c2+ 44. Kxc2 Re2+ 45. Kb1
Rb3+ 46. Kc1 Rb5 47. Rh1+ Rh2 48. Rxh2# 1-0

[Event "IX Floripa Chess Open Fort Atacadista"]
[Site "Florianópolis - Santa Catari"]
[Date "2023.01.24"]
[Round "3.227"]
[White "Bokhonok, Tatiana Dos Santos "]
[Black "Solanho, Henrique Sulzbach"]
[Result "1-0"]
[WhiteElo "1539"]
[BlackElo "1098"]
[PlyCount "119"]
[EventDate "2023.01.23"]
[EventRounds "10"]
[EventCountry "BRA"]

1. d4 Nf6 2. c4 e6 3. Nc3 d5 4. Nf3 Nbd7 5. Bg5 Be7 6. e3 O-O 7. Qc2 c6 8. Bd3
h6 9. Bh4 dxc4 10. Bxc4 Nb6 11. Bd3 Nbd5 12. a3 Qa5 13. O-O Nxc3 14. Qxc3 Qxc3
15. bxc3 g5 16. Bg3 Nd5 17. c4 Nb6 18. Ne5 Nd7 19. f4 Nxe5 20. fxe5 f6 21. exf6
Rxf6 22. Rxf6 Bxf6 23. Rf1 Be7 24. Bg6 Bxa3 25. Be8 a5 26. c5 a4 27. Bd6 Bb2
28. Rf6 a3 29. Rg6+ Kh7 30. Be5 Bd7 31. Rg7+ Kh8 32. Rxg5+ Kh7 33. Rg7+ Kh8 34.
Rxd7+ Kg8 35. Bf7+ Kf8 36. Bd6+ Kg7 37. Bxe6+ Kf6 38. Ba2 Bc1 39. Be5+ Kg6 40.
Bb1+ Kh5 41. Ba2 Bxe3+ 42. Kf1 Rf8+ 43. Bf7+ Kg5 44. Ke2 Bf4 45. g3 Bxe5 46.
dxe5 Ra8 47. Rd1 a2 48. Ra1 Kf5 49. e6 Kf6 50. Kd2 Ra5 51. Kd3 Rxc5 52. Rxa2
Rd5+ 53. Kc3 Rc5+ 54. Kb4 b6 55. Re2 Rb5+ 56. Kc3 Rc5+ 57. Kb2 Rb5+ 58. Kc1 Ra5
59. e7 Ra1+ 60. Kb2 1-0

[Event "IX Floripa Chess Open Fort Atacadista"]
[Site "Florianópolis - Santa Catari"]
[Date "2023.01.24"]
[Round "3.228"]
[White "Bisconsin, Raul"]
[Black "Gomes, Carlos"]
[Result "0-1"]
[WhiteElo "1092"]
[BlackElo "1537"]
[PlyCount "79"]
[EventDate "2023.01.23"]
[EventRounds "10"]
[EventCountry "BRA"]

1. e4 e5 2. Nf3 Nf6 3. Nc3 d6 4. h3 h6 5. Bc4 Nc6 6. d3 Na5 7. Bb5+ c6 8. Ba4
b5 9. b4 bxa4 10. bxa5 Qxa5 11. Bd2 Bd7 12. Rb1 c5 13. Nd5 Qd8 14. c4 Nxd5 15.
exd5 Rb8 16. O-O Be7 17. Qc1 Bf6 18. Re1 O-O 19. h4 Rxb1 20. Qxb1 Bg4 21. Re4
Bxf3 22. gxf3 Bxh4 23. Rg4 f5 24. Rg2 f4 25. Kh2 Bg5 26. Qb7 Rf7 27. Qc6 Qd7
28. Qb5 Qxb5 29. cxb5 Rb7 30. Kh3 Rxb5 31. Kg4 g6 32. Rh2 Kg7 33. Rh1 Kf6 34.
Bc3 h5+ 35. Kh3 Kf5 36. Kg2 Bd8 37. Rd1 Bb6 38. Kh3 a6 39. Kh4 Bd8+ 40. Kh3 0-1

[Event "IX Floripa Chess Open Fort Atacadista"]
[Site "Florianópolis - Santa Catari"]
[Date "2023.01.24"]
[Round "3.229"]
[White "Mayara Sibowicz, Giovanna"]
[Black "Makowski, Silvia Cristina"]
[Result "1-0"]
[WhiteElo "1528"]
[BlackElo "1059"]
[PlyCount "78"]
[EventDate "2023.01.23"]
[EventRounds "10"]
[EventCountry "BRA"]

1. e4 c5 2. Nf3 g6 3. d4 cxd4 4. Nxd4 Nc6 5. Be3 Bg7 6. c3 Nf6 7. Nd2 O-O 8. f4
e6 9. e5 Nd5 10. Qf3 Nxe3 11. Qxe3 a6 12. Nc4 f6 13. Nf3 fxe5 14. Ncxe5 Qc7 15.
Nxc6 bxc6 16. g3 Bb7 17. Bg2 Rab8 18. O-O Ba8 19. Rf2 Rb6 20. Rd1 Bf6 21. Rfd2
Rf7 22. b3 c5 23. Ne5 Bxe5 24. Qxe5 Qxe5 25. fxe5 Bxg2 26. Kxg2 Rb7 27. Rd6 a5
28. Ra6 Rf5 29. Rxa5 Rxe5 30. Rd2 Rc7 31. Ra8+ Kg7 32. c4 Kh6 33. Rd8 g5 34.
R8xd7 Rxd7 35. Rxd7 Re2+ 36. Kf3 Rxa2 37. Rd6 Rxh2 38. Rxe6+ Kh5 39. g4+ Kh4
1-0

[Event "IX Floripa Chess Open Fort Atacadista"]
[Site "Florianópolis - Santa Catari"]
[Date "2023.01.24"]
[Round "3.230"]
[White "Telles, Arnoldo Beber"]
[Black "Gomes, Joao Paulo Santos"]
[Result "0-1"]
[WhiteElo "1060"]
[BlackElo "1492"]
[PlyCount "60"]
[EventDate "2023.01.23"]
[EventRounds "10"]
[EventCountry "BRA"]

1. d4 Nf6 2. c4 g6 3. Nc3 Bg7 4. f3 O-O 5. e4 d6 6. Bd3 e5 7. d5 c6 8. Nge2 a6
9. a4 a5 10. O-O Na6 11. Be3 Ne8 12. Qd2 f5 13. Bf2 f4 14. Bc2 g5 15. g3 fxg3
16. Bxg3 Bh3 17. Rf2 h6 18. Nc1 Nf6 19. Bb3 Nc5 20. Bc2 Nh5 21. Nd3 Nxd3 22.
Qxd3 Nf4 23. Qe3 Kh8 24. Bd3 Nxd3 25. Qxd3 h5 26. Re2 h4 27. Bf2 Qf6 28. Re3 g4
29. fxg4 Qxf2+ 30. Kh1 Qg2# 0-1

[Event "IX Floripa Chess Open Fort Atacadista"]
[Site "Florianópolis - Santa Catari"]
[Date "2023.01.24"]
[Round "3.231"]
[White "Ribeiro, Maria Eduarda Thibe"]
[Black "Machado, Wesley Henrique"]
[Result "0-1"]
[WhiteElo "1046"]
[BlackElo "1487"]
[PlyCount "52"]
[EventDate "2023.01.23"]
[EventRounds "10"]
[EventCountry "BRA"]

1. e4 e5 2. Nf3 Nc6 3. Bc4 Bc5 4. O-O Nf6 5. d3 d6 6. h3 a6 7. Bg5 h6 8. Bh4
Ba7 9. Nc3 g5 10. Bg3 Nh5 11. Bh2 Nf4 12. Nd5 Na5 13. Bb3 Nxb3 14. axb3 c6 15.
Ne3 Rg8 16. Nd2 Qf6 17. Kh1 Qg6 18. Ng4 h5 19. Ne3 f5 20. exf5 Bxf5 21. Nxf5
Qxf5 22. Bxf4 gxf4 23. Qf3 O-O-O 24. Rg1 Rdf8 25. Raf1 Kc7 26. g3 Qxh3# 0-1

[Event "IX Floripa Chess Open Fort Atacadista"]
[Site "Florianópolis - Santa Catari"]
[Date "2023.01.24"]
[Round "3.232"]
[White "Orofino, Gabriel"]
[Black "Nunes, Nicole"]
[Result "1-0"]
[WhiteElo "1460"]
[BlackElo "1014"]
[PlyCount "63"]
[EventDate "2023.01.23"]
[EventRounds "10"]
[EventCountry "BRA"]

1. e4 c5 2. Nf3 Nc6 3. d4 cxd4 4. Nxd4 Qc7 5. Nc3 g6 6. Be3 Bg7 7. Qd2 Nf6 8.
Be2 b6 9. Bh6 O-O 10. O-O-O Bb7 11. Bxg7 Kxg7 12. g3 Nb4 13. a3 Na6 14. Bf3 Nc5
15. Rhe1 Ne6 16. e5 Nxd4 17. exf6+ exf6 18. Bxb7 Qxb7 19. Qxd4 Rfd8 20. Re7 Qg2
21. Ne4 Qf3 22. Ng5 Rf8 23. Nxf3 d5 24. Qxd5 a6 25. Rxf7+ Rxf7 26. Qxa8 a5 27.
Rd8 Kh6 28. Qd5 Rc7 29. g4 f5 30. gxf5 gxf5 31. Qxf5 Rc5 32. Rd6+ 1-0

[Event "IX Floripa Chess Open Fort Atacadista"]
[Site "Florianópolis - Santa Catari"]
[Date "2023.01.24"]
[Round "3.233"]
[White "Cunha, Paola De Oliveira"]
[Black "Leite, Gina Dourado Rocha"]
[Result "1-0"]
[WhiteElo "1838"]
[BlackElo "1430"]
[PlyCount "121"]
[EventDate "2023.01.23"]
[EventRounds "10"]
[EventCountry "BRA"]

1. d4 d5 2. Bf4 Bf5 3. e3 e6 4. Nf3 Be7 5. Bd3 Bxd3 6. Qxd3 Nf6 7. O-O Nc6 8.
c4 O-O 9. h3 Nb4 10. Qe2 Ne4 11. Nc3 c5 12. Nxe4 dxe4 13. Ne5 Rc8 14. Rfd1 f6
15. dxc5 Qa5 16. Nd7 Rf7 17. a3 Nd3 18. b4 Qa4 19. b5 Qxc4 20. b6 a6 21. a4 Bd8
22. Rac1 Qd5 23. c6 Rxc6 24. Rxc6 Qxc6 25. Nb8 Nxf4 26. exf4 Qc8 27. Nxa6 bxa6
28. Qxe4 Bxb6 29. Rb1 Qd8 30. Qxe6 Bc7 31. g3 Kf8 32. Qxa6 Rd7 33. Qe2 Re7 34.
Qc2 Bb6 35. Rd1 Qe8 36. Rd2 Rc7 37. Qd1 Rc8 38. Re2 Qf7 39. Qd6+ Kg8 40. Qxb6
Rc1+ 41. Kg2 Qd5+ 42. f3 h6 43. a5 Qc4 44. Qd8+ Kh7 45. Rf2 Rc2 46. Rxc2 Qxc2+
47. Kf1 Qc4+ 48. Ke1 Qc3+ 49. Qd2 Qxf3 50. Qe2 Qxg3+ 51. Qf2 Qc3+ 52. Qd2 Qxh3
53. a6 Qe6+ 54. Qe2 Qxa6 55. Qxa6 Kg6 56. Kf2 Kh5 57. Kf3 g6 58. Qf1 g5 59. f5
g4+ 60. Kf4 g3 61. Qh1# 1-0

[Event "IX Floripa Chess Open Fort Atacadista"]
[Site "Florianópolis - Santa Catari"]
[Date "2023.01.24"]
[Round "3.234"]
[White "Monteiro, Helen Ramazzotte"]
[Black "De Souza, Felipe De Deus"]
[Result "1-0"]
[WhiteElo "1412"]
[BlackElo "1800"]
[PlyCount "23"]
[EventDate "2023.01.23"]
[EventRounds "10"]
[EventCountry "BRA"]

1. c4 e5 2. Nc3 Bb4 3. g3 Bxc3 4. bxc3 d6 5. Bg2 Nc6 6. d4 Qd7 7. Nf3 Qe6 8. d5
Qf6 9. dxc6 e4 10. Nd4 bxc6 11. Bxe4 Qe5 12. Bxc6+ 1-0

[Event "IX Floripa Chess Open Fort Atacadista"]
[Site "Florianópolis - Santa Catari"]
[Date "2023.01.24"]
[Round "3.235"]
[White "Vieira, Luana Saddi"]
[Black "Emmerich, Maria Isabel"]
[Result "1-0"]
[WhiteElo "1400"]
[BlackElo "1800"]
[PlyCount "69"]
[EventDate "2023.01.23"]
[EventRounds "10"]
[EventCountry "BRA"]

1. e4 e5 2. Nf3 Nc6 3. Bc4 Nf6 4. d3 h6 5. Nc3 Bc5 6. O-O d6 7. Be3 Bb6 8. Na4
Bg4 9. Nxb6 axb6 10. h3 Bh5 11. a3 O-O 12. g4 Bg6 13. Qe2 Na5 14. Ba2 d5 15.
Nxe5 dxe4 16. Nxg6 exd3 17. cxd3 Re8 18. Qd2 Qd6 19. Nf4 Qc6 20. Rac1 Qd7 21.
Ne2 h5 22. Bf4 hxg4 23. Rxc7 Qf5 24. Bxf7+ Kh7 25. Bxe8 Nxe8 26. Re7 gxh3 27.
Qe3 Qg4+ 28. Qg3 Qh5 29. Kh2 Kg8 30. Rg1 g6 31. Qxg6+ Qxg6 32. Rxg6+ Ng7 33.
Rgxg7+ Kf8 34. Nd4 Rd8 35. Ne6# 1-0

[Event "IX Floripa Chess Open Fort Atacadista"]
[Site "Florianópolis - Santa Catari"]
[Date "2023.01.24"]
[Round "3.236"]
[White "Biazon, Natalia De Oliveira"]
[Black "Da Luz, Fabio Rodolfo"]
[Result "0-1"]
[WhiteElo "1813"]
[BlackElo "1373"]
[PlyCount "88"]
[EventDate "2023.01.23"]
[EventRounds "10"]
[EventCountry "BRA"]

1. d4 d5 2. Bf4 e6 3. e3 c5 4. c4 cxd4 5. Qxd4 Nc6 6. Qd2 Nf6 7. Nc3 Bd7 8. Nf3
Ne4 9. Nxe4 dxe4 10. a3 exf3 11. gxf3 Be7 12. Be2 O-O 13. Rg1 Bf6 14. Bd3 Ne5
15. Bxe5 Bxe5 16. f4 Bc7 17. Qe2 f5 18. e4 Bxf4 19. exf5 exf5 20. Qf3 Bh6 21.
Qxb7 Rf7 22. Qf3 Re7+ 23. Kf1 Rc8 24. Rd1 Qb6 25. Be2 Rce8 26. Qd5+ Kh8 27. Bh5
Be6 28. Qd3 Qc7 29. Bxe8 Bxc4 30. Bb5 Bxb5 31. Qxb5 g6 32. Qb4 Bf8 33. Qd4+ Kg8
34. Qd6 Re1+ 35. Kxe1 Bxd6 36. h3 Qb6 37. Kf1 Bc5 38. Rg2 Qxb2 39. Rd8+ Kg7 40.
Rd7+ Kh6 41. Rc7 Qc1+ 42. Ke2 Qc2+ 43. Kf3 Qe4+ 44. Kg3 Bd6+ 0-1

[Event "IX Floripa Chess Open Fort Atacadista"]
[Site "Florianópolis - Santa Catari"]
[Date "2023.01.24"]
[Round "3.237"]
[White "Abdalla, Umar Mohammad"]
[Black "Nogueira, Manuela Mahara Buch"]
[Result "1-0"]
[WhiteElo "1372"]
[BlackElo "1800"]
[PlyCount "31"]
[EventDate "2023.01.23"]
[EventRounds "10"]
[EventCountry "BRA"]

1. d4 d5 2. c4 c6 3. cxd5 cxd5 4. Nc3 Nf6 5. Nf3 Nc6 6. e3 e6 7. Bd3 Bd6 8. O-O
O-O 9. e4 Bd7 10. e5 Nxe5 11. dxe5 Ne8 12. exd6 Nxd6 13. Ne5 Bc8 14. Qc2 f6 15.
Bxh7+ Kh8 16. Ng6+ 1-0

[Event "IX Floripa Chess Open Fort Atacadista"]
[Site "Florianópolis - Santa Catari"]
[Date "2023.01.24"]
[Round "3.238"]
[White "Ferreira De Souza, Ricardo"]
[Black "Reginato, Daniel Zonta"]
[Result "1-0"]
[WhiteElo "1365"]
[BlackElo "1800"]
[PlyCount "61"]
[EventDate "2023.01.23"]
[EventRounds "10"]
[EventCountry "BRA"]

1. e4 e5 2. f4 Nc6 3. Nf3 d6 4. Bc4 Nf6 5. Nc3 g6 6. Ng5 Be6 7. Nxe6 fxe6 8.
Bxe6 Qe7 9. f5 gxf5 10. exf5 Nd4 11. Nd5 Nxd5 12. Qh5+ Kd8 13. O-O Nf4 14. Qg4
Ndxe6 15. fxe6 Nxe6 16. d4 Bg7 17. d5 Rf8 18. Be3 Nf4 19. c4 Qd7 20. Qd1 Bh6
21. Rf3 Qg4 22. Bxf4 Rxf4 23. h3 Qh5 24. g4 Qh4 25. Qd3 Ke7 26. Qxh7+ Kf6 27.
Raf1 Kg5 28. Qe7+ Kg6 29. Qxh4 Bg5 30. Qh5+ Kf6 31. h4 1-0

[Event "IX Floripa Chess Open Fort Atacadista"]
[Site "Florianópolis - Santa Catari"]
[Date "2023.01.24"]
[Round "3.239"]
[White "Bertusso, Amanda"]
[Black "Rodriguez, Emiliano"]
[Result "0-1"]
[WhiteElo "1800"]
[BlackElo "1364"]
[PlyCount "66"]
[EventDate "2023.01.23"]
[EventRounds "10"]
[EventCountry "BRA"]

1. e4 e5 2. Nf3 Nc6 3. Nc3 Bc5 4. Nxe5 Bxf2+ 5. Kxf2 Nxe5 6. Ke1 d6 7. d4 Nc6
8. Bb5 a6 9. Ba4 b5 10. Bb3 h6 11. Qf3 Qf6 12. Qxf6 Nxf6 13. d5 Nd4 14. Bf4
Nxb3 15. axb3 b4 16. Nb5 Kd8 17. e5 dxe5 18. Bxe5 Re8 19. d6 Rxe5+ 20. Kf1 Rxb5
21. dxc7+ Kxc7 22. Re1 Rf5+ 23. Kg1 Be6 24. h3 Rd8 25. g4 Rc5 26. c3 bxc3 27.
bxc3 Rxc3 28. Rb1 Rd2 29. Rh2 Rg3+ 30. Kh1 Bd5+ 31. Rg2 Rxh3+ 32. Kg1 Rxg2+ 33.
Kf1 Rh1# 0-1

[Event "IX Floripa Chess Open Fort Atacadista"]
[Site "Florianópolis - Santa Catari"]
[Date "2023.01.24"]
[Round "3.240"]
[White "Grams, Leon Honke"]
[Black "Silveira, Benicio Solon"]
[Result "1-0"]
[WhiteElo "1361"]
[BlackElo "1800"]
[PlyCount "28"]
[EventDate "2023.01.23"]
[EventRounds "10"]
[EventCountry "BRA"]

1. d4 d5 2. c4 e6 3. Nc3 Nf6 4. cxd5 exd5 5. Bg5 Be7 6. e3 Nc6 7. Bd3 h6 8. Bh4
O-O 9. Nge2 Be6 10. O-O Rc8 11. f3 a6 12. a3 Re8 13. Bc2 g6 14. e4 Nd7 (14...
Bd7 15. e5 Nh7 16. Bxe7 Rxe7 17. Nxd5 Re8 18. f4 Be6 19. Ne3 Qd7 20. d5 Red8
21. dxe6 Qxd1 22. exf7+ Kxf7 23. Raxd1 Rxd1 24. Rxd1 h5 25. Rd7+ Kg8 26. Nd4
Nxd4 27. Rxd4 c5 28. Rd7 Nf8 29. Rxb7 c4 30. Nxc4 Rxc4 31. Bb3 Kh8 32. Bxc4 h4
33. e6 Nxe6 34. Bxe6 a5 35. Bd7 h3) 1-0